Jištění asynchronních motorů /

Hlavní autor: Tříska, Jiří, 1922-
Jazyk: Čeština
Vydáno: [Praha : Státní nakladatelství technické literatury], 1979
Fyzický popis: 24 s.
Knihy
Uloženo v:
LEADER 00719nam a22002172a 4500
001 000359212
003 CZ BrMZK
005 20170303074330.0
007 ta
008 980105s1979 xr f cze d
040 |a BOA001  |b cze 
080 9 |a 621.313.333 
100 1 |a Tříska, Jiří,  |d 1922-  |7 jk01140297  |4 aut 
245 1 0 |a Jištění asynchronních motorů /  |c Jiří Tříska 
260 |a [Praha :  |b Státní nakladatelství technické literatury],  |c 1979 
300 |a 24 s. 
772 0 8 |i Samostatná příloha seriálu:  |t Elektrotechnik,  |g 1979, č. 9-10 
910 |a BOA001  |b X-0815.348 
990 |a BK 
991 |b 201610 
996 6 |b 2619811835  |c X-0815.348  |l MZK  |r Sklad / do 24 hodin  |n 11  |w 000359212  |u 000010  |a 1  |e BOA001  |j MZK50  |s P